zpět

Detail výsledku týmu

Na Ostrově, Havlíčkův Brod

Datum a čas kvízu

20 Celkem bodů Celkový počet nahraných bodů na tomto kvízu bez doplňovacích otázek.
7. Pořadí na kvízu Konečné umístění týmu na tomto kvízu.

Zaznamenané odpovědi

# Otázka Odpověď Body Výsledky
1. Ve středu ve 12 hodin jsme se... zkouška sirén 0
2. Ruské úřady zadržely tři školá... C) sněhovými koulemi uhasili věčný oheň u památníku 0
3. Dvě ikony folku 60. let minulé... Art Garfunkel, Paul Simon 0.5
4. Ve čtvrtek byla v pražských Št... Lidl 1
5. V neděli byl oficiálně oznámen... SK Slavia Praha, Tottenham Hotspur FC 1
6. Z historie se zdá, že Američan... Dwight Eisenhower 0
7. Kterou vysokou školu vystudova... D 0
8. Napište jméno zobrazeného herc... Terry Crews 0
9. Při udílení Oscarů v roce 2022... Will Smith 0
10. „Jak vykrást banku“ je francou... Václav Faltus; František Filipovský 1